Recieving Leader 2009-2023 - Statistics

General Stats
  • This quiz has been taken 89 times
  • The average score is 9 of 15
Answer Stats
Hint Answer % Correct
2022 Justin Jefferson
99%
2023 Tyreek Hill
93%
2021 Cooper Kupp
81%
2012 Calvin Johnson
72%
2011 Calvin Johnson
72%
2017 Antonio Brown
71%
2014 Antonio Brown
71%
2018 Julio Jones
69%
2015 Julio Jones
69%
2009 Andre Johnson
66%
2019 Michael Thomas
50%
2020 Stefon Diggs
44%
2013 Josh Gordon
24%
2016 T.Y Hilton
19%
2010 Brandon Lloyd
6%
No matching quizzes found
Score Distribution
Percent of People with Each Score
Percentile by Number Answered
Your Score History
You have not taken this quiz